Loading...
Madhyakala malayalam/
| Main Author: | |
|---|---|
| Format: | Printed Book |
| Language: | English |
| Published: |
Kottayam:
National Book Stall,
1966.
|
| Subjects: |
| LEADER | 00533 a2200157 4500 | ||
|---|---|---|---|
| 008 | 150103s9999 000 0 eng | ||
| 082 | |a 810.9 | ||
| 100 | |a Velayudhan Pillai,P V | ||
| 245 | |a Madhyakala malayalam/ | ||
| 260 | |a Kottayam: |b National Book Stall, |c 1966. | ||
| 300 | |a 236 p.; | ||
| 500 | |a Malayalam | ||
| 650 | |a Literature History | ||
| 942 | |c BK | ||
| 999 | |c 306521 |d 306521 | ||
| 952 | |0 0 |1 0 |2 ddc |4 0 |6 M_810_900000000000000_VEL_MA |7 0 |9 351632 |a DRA |b DRA |c ST1 |d 2012-10-12 |i 2726 |l 0 |o M 810.9 VEL/MA |p DRA2726 |r 2019-01-03 |v 25.00 |w 2019-01-03 |y BK | ||